LEADER 00909nam a2200229 i 4500 001 000000212518 003 CaOOAMICUS 005 20120417000000.0 008 120417s1938 it u000 u ita u 013 $a191353 040 $aSeMil$bita 100 1 $aCooper, Duff.$0(OLS)http://semarc/name/75820 245 10$aTalleyrand /$cDuff Cooper. 260 $aTorino :$bGiulio Einaudi,$c1938. 300 $aX, 374 p. :$bill. ;$c22 cm. 490 0 $aBiblioteca di cultura storica ;$v5 600 14$aTalleyrand-Périgord, Charles Maurice : de <1754-1838>.$0(OLS)http://semarc/subject/17162 830 0$aBiblioteca di cultura storica ;$v5.$0(OLS)http://semarc/title/365 850 $aSeMil 852 $aSeMil$W1$xVenegono$y1$m3S IV 165$j162952$B162952$CSeMilBibl$Z2$F174075 $81 996 $6245$aTalleyrand$9(OLS)http://semarc/title/141306 996 $6260$aTorino :$bGiulio Einaudi$9(OLS)http://semarc/publisher/29810 LEADER 01127nam a2200193 i 4500 001 000000239792 003 CaOOAMICUS 005 20150318000000.0 008 150318s1743 it u000 u fre u 013 $a218697 026 $aIlne e-e- f-es qud' (3) 1743 (R) 040 $aSeMil$bita 245 10$aTome 3. 300 $a[4], XVI, 481, [39] p. :$bill, calcogr. 500 $aMarca calcogr. (due bambini sostengono in ciascuna mano una cornucopia. Motto: Ubertas ex foedere et pace) sul front. - Precede il front. ritr. dell'A. sottoscritto da D. Kloaker Ehrenstrahl e I. Felkema. - Segn. : pgr2 *8 A-X12 Y8 (Y8 bianca). - Testatine, iniz. e fregi xilogr. 773 0 $aPufendorf, Samuel : von <1632-1694>$tHistoire de Suede, avant et depuis la fondation de la monarchie. Par mr. Le Baron de Pufendorff. Tome 1. [-3.].$bNouvelle edition, plus correcte que les précédentes, & continuée jusqu'à l'année 1743.$dA Amsterdam : Chez Zacharie Chatelain, 1743.$g3$w()31594 850 $aSeMil 852 $aSeMil$W1$xVenegono$y1$m3E I 81 FA$j190138$B190138$CSeMilBibl$Z2$F200994 $8I 996 $6245$aTome 3$9(OLS)http://semarc/title/1575